000 00324nam a2200133Ia 4500
008 150201s2009 xx 000 0 und d
082 _a611
_bE09T
100 _aTONDON,BK
245 _aESSENTIALS OF HUMAN ANATOMY
250 _a2ND
260 _bJAYPEE BROTHERS
_aDELHI
_c2009
650 _aHUMAN ANATOMY
942 _2ddc
_cBK
_06
999 _c1006
_d1006